Reglamento / Asociación de Peritos Agrícolas y Alumnos de la Escuela de Agricultura de Barcelona
Descripción Física:
18 p. ; 14 cm
MARC
| LEADER | 00000nam a2200000Ia 4500 | ||
|---|---|---|---|
| 001 | 15043 | ||
| 003 | BGR | ||
| 005 | 20260410113704.0 | ||
| 008 | 160829s1906 xx 000 0 cat d | ||
| 080 | |a RF-12-8 | ||
| 110 | 2 | |9 70347 |a Asociación de Peritos Agrícolas y Alumnos de la Escuela de Agricultura de Barcelona | |
| 245 | |a Reglamento / Asociación de Peritos Agrícolas y Alumnos de la Escuela de Agricultura de Barcelona | ||
| 260 | |a Barcelona : |b Impr. de Vilalta y Trullás, |c 1906 | ||
| 300 | |a 18 p. ; |c 14 cm | ||
| 590 | |a Prové de 2682 - Exp. 1 | ||
| 650 | |a Asociación de Peritos Agrícolas y Alumnos de la Escuela de Agricultura de Barcelona |x Reglaments i procediment |9 48502 | ||
| 856 | 4 | |u https://media.diba.cat/diba/fitxers/arxiu/fulletons/bib_15043_1906_baixa.pdf |y Accés lliure | |
| 856 | 4 | |u https://media.diba.cat/diba/fitxers/arxiu/fulletons/bib_15043_1906_baixa.pdf |y Accés lliure | |
| 900 | |a bib_15043_1906_baixa.pdf | ||
| 901 | |a Arxiu | ||
| 942 | |n 1 |2 udc |c MON | ||
| 952 | |0 0 |1 0 |4 0 |6 RF128 |7 1 |9 54605 |a Arxiu |b Arxiu |d 2016-12-01 |l 0 |o RF-12-8 |p 15043 |r 2016-12-01 00:00:00 |w 2016-12-01 |y ARXIU | ||
| 999 | |c 58474 |d 58474 | ||